Formule 1 - Associer les pilotes à leur écurie 2026 - Statistiques

Statistiques générales
  • Ce quiz a été pris 196 fois
  • Le résultat moyen est 18 sur 22
Statistiques - réponses
Hint Réponse % Correct
Lando Norris McLaren
92%
Charles Leclerc Ferrari
91%
Pierre Gasly Alpine
89%
Lewis Hamilton Ferrari
89%
George Russell Mercedes
89%
Max Verstappen Red Bull
89%
Oscar Piastri McLaren
87%
Lance Stroll Aston Martin
86%
Fernando Alonso Aston Martin
84%
Ollie Bearman Haas
84%
Andrea Kimi Antonelli Mercedes
84%
Franco Colapinto Alpine
82%
Alex Albon Williams
82%
Esteban Ocon Haas
81%
Liam Lawson Racing Bulls
79%
Isack Hadjar Red Bull
79%
Carlos Sainz Williams
79%
Arvid Lindblad Racing Bulls
77%
Valterri Bottas Cadillac
76%
Nico Hülkenberg Audi
75%
Gabriel Bortoleto Audi
74%
Sergio Perez Cadillac
74%
Aucun quiz correspondant
Distribution des résultats
% des personnes avec chaque résultat
Percentile par nombre de réponses
Votre historique - résultats
Vous n’avez pas pris ce quiz